| 000 | 00659nam a2200253 a 4500 | ||
|---|---|---|---|
| 001 | nice12345678 | ||
| 003 | IN_TiNIC | ||
| 005 | 20260116013809.0 | ||
| 008 | 050524s1985 dela grp 000 0 eng | ||
| 020 |
_a _c200 |
||
| 082 | 0 | 0 |
_a954.12 _bMAC |
| 100 | _aMac Dougall, John | ||
| 245 | _aLand Or Religion? Sardar and Kherwar Movements in Bihar 1858-95 | ||
| 260 |
_aDelhi _bManohar _c1985 |
||
| 300 | _a282p | ||
| 500 | _aincludes index and biblioraphy | ||
| 505 | 2 | _aIndex | |
| 650 | _aIndia-Tribes-Bihar | ||
| 650 | _aSardar & kherwar movement-bihar1858 | ||
| 700 | 1 | _aMac Dougall, John | |
| 902 | _bSRS | ||
| 942 | _cBK | ||
| 999 |
_c12553 _d12553 |
||